000 00657nam a22002297a 4500
003 UA-OsUOA
001 8425
007 ta
008 20040913b un ||||| |||| 00| 0 ukr d
100 _aМюллер Елліс.
700 _aБаккес Маргарет.
700 _aГоозен Йєне.
942 _cSA
040 _aUA-OsUOA
_bukr
_cUA-OsUOA
_dUA-OsUOA
245 _aСильніше за спрагу. Утрачений рай Франсін. Лялька.
300 _aС.148-159
955 _a0
041 _aukr
044 _aUA
773 0 _w0
_tВсесвіт
_dК.
_d2004
_gN7-8
650 7 _aЛітературознавство
_2UDC
999 _c294586
_d294586